| 000 | 00801cam a2200253 i 4500 | ||
|---|---|---|---|
| 999 |
_c200454578 _d72790 |
||
| 001 | 99670973406676 | ||
| 003 | TR-AnTOB | ||
| 005 | 20230928153541.0 | ||
| 007 | ta | ||
| 008 | 690430s1975 nyu|||| |||| 001 0|eng | ||
| 040 |
_aTR-AnTOB _beng _erda _cTR-AnTOB |
||
| 041 | 0 | _atur | |
| 060 | _aQZ 201 | ||
| 096 |
_aQZ201 _bM251 1975 TıpFaK |
||
| 245 | 1 | 0 |
_aMalign tümörlerinin sınıflandırılmasında TNM dizgesi / _cUluslararası Kanser Savaş Derneği. |
| 264 | 1 |
_aAnkara : _bTürk Kanser Araştırma ve Savaş Kurumu, _c1975. |
|
| 300 |
_a80 pages ; _c17 cm |
||
| 336 |
_atext _btxt _2rdacontent |
||
| 337 |
_aunmediated _bn _2rdamedia |
||
| 338 |
_avolume _bnc _2rdacarrier |
||
| 490 | _aTürk Kanser Araştırma ve Savaş Kurumu Yayınları | ||
| 942 |
_2NLM _cBK |
||